000 00605nam a2200193Ia 4500
005 20250923145037.0
008 008 250917s9999 xx 000 0 eng d
037 _aTextual
040 _aDSWL
_beng
_cDSWL
041 _aeng
_2eng
084 _aX428-8(Nq):9.2'N64t, N65
_qDSWL
245 0 _aReport of single member committee
_cby Inst of Labour & Employment, India
260 _bInst of Labour & Employment . Govt of India
_c1965
300 _aiii,124 p.
365 _aINR
_b4.45
925 _g4.45
942 _cTEXL
_hX428-8(Nq):9.2'N64t, N65
999 _c1446395
_d1446395